Science Quiz

Random Science or Chemistry Quiz

Element per 2nd Letter of Symbol Quiz Stats

Quiz Updated Dec 1, 2016

Challenge
Share
Tweet
Embed
Score 0/21 Timer 04:00
0 Plays Today
2nd Letter of Symbol Element % Correct
aSodium, Calcium, Gallium, ...
94.3%
eHelium, Beryllium, Neon, ...
88.7%
gMagnesium, Silver, Mercury, ...
85.2%
bRubidium, Niobium, Antimony, ...
83.6%
iLithium, Silicon, Titanium, ...
77.9%
uCopper, Ruthenium, Lutetium, ...
72.8%
lAluminium, Chlorine, Thallium, ...
70.1%
nManganese, Zinc, Indium, ...
68.1%
rArgon, Chromium, Bromine, ...
67.9%
oCobalt, Molybdenum, Holmium, ...
63.8%
sArsenic, Cesium, Osmium, ...
57.7%
2nd Letter of Symbol Element % Correct
cScandium, Technetium, Actinium
52.4%
dPalladium, Cadmium, Neodymium, ...
50.5%
fHafnium, Californium, Rutherfordium
45.1%
tPlatinum, Astatine, Meitnerium
42.1%
mPromethium, Samarium, Thulium, ...
38.1%
hRhodium, Thorium, Bohrium
36%
kBerkelium
24%
vLivermorium
20.6%
yDysprosium
19.6%
pNeptunium
17.5%

You're not logged in!

Compare scores with friends on all Sporcle quizzes.
Sign Up with Email
OR
Log In

You Might Also Like...

Show Comments

Extras

Top Quizzes Today


Score Distribution

Your Account Isn't Verified!

In order to create a playlist on Sporcle, you need to verify the email address you used during registration. Go to your Sporcle Settings to finish the process.